Statistics for Music by Letter - D

Click here to take the quiz!

General Stats

  • This quiz has been taken 9,120 times
    (9,067 since last reset)
  • The average score is 17 of 22

Answer Stats

Hint Answer % Correct
Song for two peopleDuet
99%
Bongo or tom tom, e.g.Drum
94%
"Saturday Night Fever" genreDisco
92%
Radio music announcerDJ
91%
Eminem's home cityDetroit
90%
Performer's first public appearanceDebut
90%
These were in the sky with LucyDiamonds
86%
Beyoncé's group of originDestiny's Child
85%
Guetta, Grohl, or CrosbyDavid
85%
Measure of noise intensityDecibel
83%
U.S. country band: The _____ ChicksDixie
80%
Mozart opera: "___ Giovanni"Don
78%
A "beautiful blue" river in a Strauss waltzDanube
78%
This Bob sang "Lay Lady Lay"Dylan
77%
Australian aboriginal instrumentDidgeridoo
73%
Operatic prima donnaDiva
64%
Placido of Three Tenors fameDomingo
60%
Helmet-wearing, French electronic music duoDaft Punk
58%
Large orchestral string instrumentDouble Bass
55%
Clashing notes; opposite of consonanceDissonance
55%
French composer of "Clair de Lune"Debussy
52%
Unchanging bagpipe soundDrone
46%

Score Distribution

Percentile by Number Answered

Percent of People with Each Score

Your Score History

You have not taken this quiz since the last reset